|
|
|
|
| LEADER |
00000nab a2200000u 4500 |
| 001 |
vtls012256889 |
| 003 |
SK-MaSNL |
| 005 |
20260303225321.0 |
| 008 |
240527|19580418xo ||||||| ||00 ||slo| |
| 038 |
|
|
|a KEVKJB
|
| 040 |
|
|
|a KEVKJB
|b slo
|e rda
|
| 041 |
0 |
|
|a slo
|
| 043 |
|
|
|a e-xo---
|
| 044 |
|
|
|a xo
|c SK
|
| 072 |
|
7 |
|a 332
|x Regionálna ekonómia, regionálna ekonomika
|2 konspekt
|
| 080 |
|
|
|a 332.146:69
|2 2011
|
| 100 |
1 |
|
|a Lipták, Ladislav
|4 aut
|9 355832
|
| 245 |
1 |
0 |
|a Nový mrakodrap v Košiciach
|c Ladislav Lipták
|
| 336 |
|
|
|a text
|b txt
|2 rdacontent
|
| 337 |
|
|
|a bez média
|b n
|2 rdamedia
|
| 338 |
|
|
|a zväzok
|b nc
|2 rdacarrier
|
| 650 |
0 |
7 |
|a výstavba
|2 SNKPH
|9 29373
|
| 650 |
0 |
7 |
|a budovy
|2 SNKPH
|9 1283
|
| 651 |
|
7 |
|a Košice (Slovensko)
|2 SNKPHgeo
|9 18694
|
| 651 |
|
7 |
|a Komenského ulica (Košice, Slovensko)
|2 SNKPHgeo
|9 552178
|
| 773 |
0 |
|
|t Východoslovenské noviny
|g Roč. I. (VII.), č. 15 (18.4.1958), s. [1]
|
| 852 |
|
|
|a KEVKJB
|b KIS3GCP
|
| 999 |
|
|
|c 2256558
|d 2258488
|